000 01083nam a2200205 a 4500
001 46879
005 20180714030623.0
008 140415s2004 cc 000 0 fre d
020 _a8425219523
041 _afre
082 _a676.282
_bAVE
100 1 _aAVELLA, NATALIE
245 1 0 _aDISEÑAR CON PAPEL :
_bTÉCNICAS Y POSIBILIDADES DEL PAPEL EN EL DISEÑO GRÁFICO
250 _a1a ed.
260 _aCHINA :
_bGUSTAVO GILI,
_c2004
300 _a215
_c23.5 x 2 x 26.6
520 _aESTE LIBRO MUESTRA COMO EL PAPEL PUEDE SER MUCHO MÁS QUE UNA SUPERFICIE PLANA SOBRE LA QUE DISPONER EL TEXTO Y LA IMAGEN. MEDIANTE LA PRESENTACIÓN DE TRABAJOS DE ALGUNOS DE LOS DISEÑADORES GRÁFICOS MÁS INNOVADORES DEL MUNDO. DISEÑAR CON PAPEL EXPLORA LAS NUMEROSAS POSIBILIDADES DEL PAPEL, DESDE EL TROQUEL MÁS SENCILLO HASTA EL PLEGADO MÁS COMPLICADO, MOSTRANDO LOS ASPECTOS MÁS INTERACTIVOS Y SORPRENDENTES DEL PAPEL Y LA MÁXIMA CREATIVIDAD DE LOS DISEÑADORES. DIVIDIO EN DOS GRANDES APAR
650 1 4 _aPAPEL
_xPAPEL
_xARTES GRAFICAS
740 _aPAPER ENGINEERING
999 _c46879
_d46879